Zajímavé otázky z fyziky. Díl 1, Mechanika, molekulová fyzika a termodynamika /

Hlavní autor: Kessner, Pavel
Další autoři: Tůma, Zdeněk, fyzik
Jazyk: Čeština
Vydáno: Třebíč : Akcent, 1997
Vydání: Vyd. 1.
Témata:
Externí odkaz: Digitalizovaný dokument
Fyzický popis: 196 s. : il. ; 23 cm
Knihy
Uloženo v:
LEADER 01682nam a2200409 a 4500
001 000270474
003 CZ BrMZK
005 20160605212308.0
007 ta
008 010907s1997 xr f cze d
015 |a cnb000301860 
035 |a (OCoLC)39316772 
040 |a BOA001  |b cze 
080 |a 539.1(0.062)  |2 MRF 
080 |a 531/534(0.062)  |2 MRF 
080 |a 536.7(0.062)  |2 MRF 
100 1 |a Kessner, Pavel  |7 mzk2010601447  |4 aut 
245 1 0 |a Zajímavé otázky z fyziky.  |n Díl 1,  |p Mechanika, molekulová fyzika a termodynamika /  |c Pavel Kessner, Zdeněk Tůma 
246 3 0 |a Mechanika, molekulová fyzika a termodynamika 
250 |a Vyd. 1. 
260 |a Třebíč :  |b Akcent,  |c 1997 
300 |a 196 s. :  |b il. ;  |c 23 cm 
504 |a Obsahuje bibliografii 
653 0 |a fyzika  |a mechanika  |a molekulová fyzika  |a termodynamika 
700 1 |a Tůma, Zdeněk,  |c fyzik  |4 aut 
856 4 1 |u http://www.digitalniknihovna.cz/mzk/uuid/uuid:accca760-eaf4-11e3-a2c6-005056827e51  |y Digitalizovaný dokument  |x NDK 
910 |a BOA001  |b 2-1040.583,1  |b TK-0262.464,1  |b PK-0129.550,1 
920 |a 000269046 
920 |a 000298066 
964 |a Termodynamika  |x výklady populární 
964 |a Fyzika molekulová  |x výklady populární 
964 |a Fyzika  |x výklady populární 
964 |a Mechanika  |x výklady populární 
990 |a BK 
996 6 |b 2610063590  |c 2-1040.583,1  |l MZK  |r Sklad / do 1 hodiny  |n 24  |p p.v.  |w 000270474  |u 000010  |a 1  |e BOA001  |j MZK50  |s P 
996 7 |b 2620009306  |c TK-0262.464,1  |l MZK  |r Sklad / do 24 hodin  |n 6  |p kup  |w 000270474  |u 000020  |a 1  |e BOA001  |j MZK50  |s A 
996 7 |b 3119011689  |c PK-0129.550,1  |l MZK  |r Sklad / do 1 hodiny  |n 12  |p kup  |w 000270474  |u 000030  |a 1  |e BOA001  |j MZK50  |s A